Ice-T Discography - Statistics

General Stats
  • This quiz has been taken 4 times
  • The average score is 8 of 24
Answer Stats
Year Name Type % Correct
1991 O.G. Original Gangster Album/Video Album
100%
2006 Gangsta Rap Album
75%
2014 Greatest Hits Compilation
75%
1993 Home Invasion Album
75%
1996 Ice-T VI: Return of the Real Album
75%
1988 Power Album
75%
1987 Rhyme Pays Album
75%
1989 The Iceberg Video Video Album
75%
1999 The Seventh Deadly Sin Album
75%
1989 The Iceberg/Freedom of Speech... Just Watch What You Say! Album
50%
2005 Body Count - Live in L.A. Video Album
25%
2000 Greatest Hits: The Evidence Compilation
25%
1993 Check This Out Live Album
0%
1996 Cold as Ever Compilation
0%
2004 Gang Culture Live Album
0%
1998 Ice-T Presents The West Coast Rydaz - What Really Goes On EP
0%
2006 Live in Montreaux Live Album
0%
2005 Smokeout Festival Presents: Body Count and Ice-T Video Album
0%
1993 The Classic Collection Compilation
0%
1997 The Early Years Compilation
0%
1994 The Ice Opinion Audio Book
0%
2008 The Pimp Penal Code Compilation
0%
2002 The Repossession Live Video Album
0%
2002 Westside Compilation
0%
No matching quizzes found
Score Distribution
Percent of People with Each Score
Percentile by Number Answered
Your Score History
You have not taken this quiz